Application of Neural Networks to Modelling and Control

Salvato in:
Dettagli Bibliografici
Natura: Libro
Lingua:inglese
Pubblicazione: London : Chapman and Hall, 1995
Soggetti:
Tags: Aggiungi Tag
Nessun Tag, puoi essere il primo ad aggiungerne!!

MARC

LEADER 00000nam a22000003a 4500
001 stu46019
005 20150408180124.4
008 971120s1995----uk------------------eng-d
020 |a 0-412-54760-0 
040 |a STU  |b slo 
041 0 |a eng 
044 |a uk 
080 |a 681.3 
245 |a Application of Neural Networks to Modelling and Control 
260 |a London :  |b Chapman and Hall,  |c 1995 
300 |a 119 s 
650 7 |a Siete neurónové  |2 stusub 
650 7 |a modelovanie  |2 stusub 
650 7 |a kontrola  |2 stusub 
996 |b 284M025030  |c M*9610-1  |l MMKN  |s A  |a 24  |w stu46019_0001